000 00514cam a22001934a 4500
005 20250605164255.0
008 250528s ||||||||||||||||||||||||d
035 _a21914
020 _a9789604110254
040 _aGR-AtMCL
_bgre
_dGR-AtMCL
_eAACR2
245 1 _aΣΥΝΘΕΤΟΝΤΑΣ: ΒΑΣΙΚΕΣ ΑΡΧΕΣ ΕΙΚΟΝΟΠΟΙΗΣΗΣ
250 _a2
260 _bΊων,
_c2000
300 _a173
700 1 _aΠρεσσας Χαρης Α
_97797
942 _cBK
999 _c6971
_d6971